000 01425nam a22003857a 4500
001 360
003 FISKH
005 20230329104134.0
008 230329b cb ||||| |||| 00| 0 eng d
010 _a 93033646
040 _aDLC
_cDLC
_dDLC
_dFISKH
_beng
042 _alcac
050 0 0 _aPZ7.H4364
_bSab 1994
082 0 0 _a813.54
_220
100 1 _aHesse, Karen.
245 1 0 _aSable /
_cKaren Hesse ; illustrated by Marcia Sewall.
250 _a1st ed.
260 _aNew York :
_bHenry Holt and Company.
_c2010.
300 _a81 pages. :
_bill. ;
_c20 cm.
490 1 _aA Redfeather book
505 _aM
520 _aTate Marshall is delighted when a stray dog turns up in the yard one day, but Sable, named for her dark, silky fur, causes trouble with the neighbors and has to go.
521 8 _a690
_bLexile
521 8 _aM
_bRaz-Plus
650 1 _aDogs
_xFiction.
650 1 _aFathers and daughters
_xFiction.
650 1 _aCarpentry
_xFiction.
700 1 _aSewall, Marcia,
_eill.
830 0 _aRedfeather books.
856 4 2 _3Contributor biographical information
_uhttp://www.loc.gov/catdir/bios/hol056/93033646.html
856 4 2 _3Publisher description
_uhttp://www.loc.gov/catdir/description/hol054/93033646.html
906 _a7
_bcbc
_corignew
_d1
_eocip
_f19
_gy-gencatlg
942 _2ddc
_cBK
_n0
999 _c360
_d360